Ecology: the experimental analysis of distribution and abundance
Saved in:
| Hovedforfatter: | |
|---|---|
| Format: | Bog |
| Sprog: | engelsk |
| Udgivet: |
Nueva York
Harper and Row
1972
|
| Fag: | |
| Tags: |
Tilføj Tag
Ingen Tags, Vær først til at tagge denne postø!
|
MARC
| LEADER | 00000nam a2200000 a 4500 | ||
|---|---|---|---|
| 001 | UCY2671 | ||
| 003 | CL-VaPUC | ||
| 008 | 941110e19720000US |||||||||||||||||eng|d | ||
| 082 | 0 | 4 | |a 577 |b KRE |2 21 |
| 100 | |a Krebs, Charles J |e author |9 330752 | ||
| 245 | 1 | 0 | |a Ecology: the experimental analysis of distribution and abundance |
| 300 | |a 694 p | ||
| 942 | |c BK | ||
| 945 | |d 19941110 00:00:00 |a mfernand | ||
| 260 | |a Nueva York |b Harper and Row |c 1972 | ||
| 650 | 0 | |a Ecología |9 258124 | |
| 583 | |a last modification |c 19941110 00:00:00 |k Rodrigo Vera | ||
| 999 | |c 231024 |d 231022 | ||
| 952 | |0 0 |1 0 |2 ddc |4 0 |6 577_000000000000000_KRE_1972 |7 0 |8 CCM |9 233781 |a BIBCUR |b BIBCUR |c PAC |d 2019-11-15 |i 3032841 |o 577 KRE 1972 |p 3032841 |r 2025-04-22 |w 2019-11-15 |y BK |k CIM | ||